000 01012cam a22002651 4500
001 gs 15000218
003 DLC
005 20260227111317.0
008 940211s1914 fr c b 000 0bfre c
010 _ags 15000218
035 _a(OCoLC)29790923
040 _aLibrary, U.S. Geological Survey
_cCU
_dCU
_dDLC
042 _apremarc
050 0 0 _aQE22.L53
_bL3
082 _a925.5
100 1 _aLacroix, Alfred,
_d1863-1948.
245 0 0 _aNotice historique sur Auguste Michel-Lévy ...
_cpar m. Alfred Lacroix ... lue dans la séance publique annuelle du 21 décembre 1914.
260 _aParis,
_bGauthier-Villars et cie,
_c1914.
300 _a52 p.
_bport.
_c29 cm.
410 2 0 _aAcadémie des sciences (France)
_tNotice historique,
_v1914
500 _aAt head of title: Institut de France. Académie des sciences.
504 _a"Liste bibliographique des travaux scientifiques de A. Michel-Lévy": p. [41]-52.
600 1 0 _aLévy, Auguste Michel,
_d1844-1911.
710 2 _aAcadémie des sciences (France)
999 _c25489
_d25489